000 00295nam a22001217a 4500
008 181127b xxu||||| |||| 00| 0 eng d
041 _aeng
080 _a043.3
100 _a0
101 _aBTH-MBE
245 _aBarrierat e investimeve te huaja direkte ne Kosove
_cLatifaj, G
942 _2udc
_cBK
999 _c52597
_d52597